ბათუმის შოთა რუსთაველის სახელმწიფო უნივერსიტეტის ბიბლიოთეკა

თბოსადგურების დაგეგმარების ტექნიკურ-ეკონომიკური საფუძვლები : დამხმ. სახელმძღვ. / (ბიბ.ჩანაწერი № 39628)

000 -ლიდერი
ფიქსირებული სიგრძის საკონტროლო ველი 01212nam a2200229Ia 4500
001 - საკონტროლო ნომერი
საკონტროლო ველი 6228
003 - საკონტროლო ნომრის იდენტიფიკატორი
საკონტროლო ველი GE_BSU
005 - ბოლო ოპერაციის თარიღი და დრო
საკონტროლო ველი 20190624150736.0
008 - ფიქსირებული სიგრძის მონაცემთა ელემენტები - ზოგადი ინფორმაცია
ფიქსირებული სიგრძის საკონტროლო ველი 181216s1982||||ge |||||||||||||| ||geo||
041 ## - ენის კოდი
Language code of text/sound track or separate title geo
080 ## - უნივერსალური ათობითი კლასიფიკაციის ინდექსი
Universal Decimal Classification number 621.311.22(075.8) ვ-28
100 ## - მთავარი ჩანაწერი - პიროვნების სახელი
Personal name ვეზირიშვილი, ო.
9 (RLIN) 2511
245 ## - ცნობა სათაურის შესახებ
Title თბოსადგურების დაგეგმარების ტექნიკურ-ეკონომიკური საფუძვლები : დამხმ. სახელმძღვ. /
Statement of responsibility, etc ო. ვეზირიშვილი ; რედ : ე. გიორგაძე.
264 ## - წარმოების, გამოცემის, დისტრიბუციის და სხვა ცნობები
გამოცემის, წარმოების, დისტრიბუციის... ადგილი თბილისი :
გამოცემის, წარმოების, დისტრიბუციის... სახელწოდება სპი,
გამოცემის, წარმოების, დისტრიბუციის... თარიღი 1982.
300 ## - ფიზიკური აღწერა
Extent 92 გვ .:
Other physical details ცხრ.12; ილ.22;
Dimensions 20 სმ.
504 ## - BIBLIOGRAPHY, ETC. NOTE
Bibliography, etc ბიბლიოგრ.:გვ.91
653 ## - INDEX TERM--UNCONTROLLED
Uncontrolled term თბოსადგურების დაგეგმარება
653 ## - INDEX TERM--UNCONTROLLED
Uncontrolled term თბოსადგურების დაგეგმარების ტექნიკურ-ეკონომიკური საფუძვლები
653 ## - INDEX TERM--UNCONTROLLED
Uncontrolled term ტექნიკა
700 ## - ADDED ENTRY--PERSONAL NAME
Personal name გიორგაძე, ე
Relator term რედაქტორი
9 (RLIN) 398
942 ## - ADDED ENTRY ELEMENTS (KOHA)
Koha item type წიგნი
Source of classification or shelving scheme
ეგზემპლარები
ჩამოწერის სტატუსი დაკარგული ეგზემპლარის სტატუსი კლასიფიკაციის წყარო ან თაროზე გაწყობის სქემა დაზიანების სტატუსი არ გაიცემა მუდმივი მდებარეობა (დაცვის ადგილი) ამჟამინდელი ადგილსამყოფელი თაროზე განთავსების ადგილი შეძენის თარიღი ღირებულება, შესყიდვის ნორმალური ფასი სრული შენახვის შიფრი შტრიხკოდი ბოლო ოპერაციის თარიღი ეგზემპლარის მიმდევრობითი ნომერი (კეტერი?) ფასის ძალაში შესვლის თარიღი ეგზემპლარის სახეობა საჯარო შენიშვნა
          ტექნოლოგიური ფაკულტეტის ბიბლიოთეკა ტექნოლოგიური ფაკულტეტის ბიბლიოთეკა წიგნსაცავი 2018-12-17 0.00 621.311.22(075.8) ვ-28 10826 2018-12-17 10826 2018-12-17 წიგნი 0,30 თ.
          ტექნოლოგიური ფაკულტეტის ბიბლიოთეკა ტექნოლოგიური ფაკულტეტის ბიბლიოთეკა წიგნსაცავი 2018-12-17 0.00 621.311.22(075.8) ვ-28 10827 2018-12-17 10827 2018-12-17 წიგნი 0,30 თ.
          ტექნოლოგიური ფაკულტეტის ბიბლიოთეკა ტექნოლოგიური ფაკულტეტის ბიბლიოთეკა წიგნსაცავი 2018-12-17 0.00 621.311.22(075.8) ვ-28 10828 2018-12-17 10828 2018-12-17 წიგნი 0,30 თ.